000 00327nam a2200121Ia 4500
008 231228s1981 xx 000 0 und d
041 _aeng
082 _a301
_bPAR
100 _aPARKER (S.R) / BROWN (R.K) / SMITH (M.A)
245 _aThe Sociology of Industry
260 _aLondon
_bGEORGE GODWIN London
_c1981
300 _a208
999 _c1079596
_d1079596